000 01115naa a2200301 c 4500
001 40907
003 ES-MaCES
005 20101111141100.0
008 101111n2010 sp t 000 | spa d
035 _aCES20100012474v
040 _aES-MaCES
_bspa
_cES-MaCES
100 1 _aLuján Alcaraz, José
_917142
245 1 3 _aEl contrato para fomento de la contratación indefinida tras el Real Decreto-Ley 10/2010, de 16 de junio, de medidas urgentes para la reforma laboral
_cJosé Luján Alcaraz
500 _aResumen
650 4 _aEspaña
_926964
650 4 _asentencia judicial
_929888
650 4 _aprocedimiento laboral
_930887
650 4 _alegislación del trabajo
_927166
650 4 _anegociación colectiva
_928362
650 4 _adesempleo de larga duración
_930412
650 4 _afomento del empleo
_930270
650 4 _acontrato de trabajo
_928316
653 1 0 _aJurisprudencia
773 0 _tAranzadi social
_gn. 7-8 (sept. 2010){10650 R. 077672}; p. 11-26
_w(ES-MaCES)25655
_967521
902 _aART Artículo de revista
942 _2CES
_cAR
_h6.2.
999 _c40907
_d40907